<?xml version="1.0" encoding="UTF-8"?>
<record
    xmlns:xsi="http://www.w3.org/2001/XMLSchema-instance"
    xsi:schemaLocation="http://www.loc.gov/MARC21/slim http://www.loc.gov/standards/marcxml/schema/MARC21slim.xsd"
    xmlns="http://www.loc.gov/MARC21/slim">

  <leader>00992nam a2200229 a 4500</leader>
  <controlfield tag="003">SISC</controlfield>
  <controlfield tag="005">20160822110753.0</controlfield>
  <controlfield tag="008">121025s19uu    xx            00    eng d</controlfield>
  <datafield tag="020" ind1=" " ind2=" ">
    <subfield code="a">9780415591089</subfield>
  </datafield>
  <datafield tag="050" ind1=" " ind2=" ">
    <subfield code="a">GV 464.5</subfield>
    <subfield code="b">.C35 2012</subfield>
  </datafield>
  <datafield tag="100" ind1=" " ind2=" ">
    <subfield code="a">Carroll, Maggie.</subfield>
  </datafield>
  <datafield tag="245" ind1=" " ind2=" ">
    <subfield code="a">Developing physical health, fitness and well-being through gymnastics (7-11) :</subfield>
    <subfield code="b">a session-by-session approach /</subfield>
    <subfield code="c">Maggie Carroll, Jackie Hannay.</subfield>
  </datafield>
  <datafield tag="250" ind1=" " ind2=" ">
    <subfield code="a">3rd edition.</subfield>
  </datafield>
  <datafield tag="260" ind1=" " ind2=" ">
    <subfield code="a">Milton Park, Abingdon, Oxon ; New York, NY :</subfield>
    <subfield code="b">Routledge,</subfield>
    <subfield code="c">2012.</subfield>
  </datafield>
  <datafield tag="300" ind1=" " ind2=" ">
    <subfield code="a">v, 232 pages :</subfield>
    <subfield code="b">col. ill. ;</subfield>
    <subfield code="c">24 cm.</subfield>
  </datafield>
  <datafield tag="520" ind1=" " ind2=" ">
    <subfield code="a">This practical and easy-to-use teacher's guide is the brand new edition of the popular workbook Gymnastics 7-11. It takes a session-by-session approach to teaching physical development and well-being through gymnastics for the 7-11 age range.</subfield>
  </datafield>
  <datafield tag="650" ind1=" " ind2=" ">
    <subfield code="a">Gymnastics for children.</subfield>
  </datafield>
  <datafield tag="650" ind1=" " ind2=" ">
    <subfield code="a">Movement education</subfield>
  </datafield>
  <datafield tag="700" ind1=" " ind2=" ">
    <subfield code="a">Hannay, Jackie</subfield>
  </datafield>
  <datafield tag="942" ind1=" " ind2=" ">
    <subfield code="c">BK</subfield>
    <subfield code="2">lcc</subfield>
    <subfield code="k">FOR</subfield>
  </datafield>
  <datafield tag="999" ind1=" " ind2=" ">
    <subfield code="c">22223</subfield>
    <subfield code="d">22223</subfield>
  </datafield>
  <datafield tag="952" ind1=" " ind2=" ">
    <subfield code="0">0</subfield>
    <subfield code="1">0</subfield>
    <subfield code="2">lcc</subfield>
    <subfield code="4">0</subfield>
    <subfield code="a">CL</subfield>
    <subfield code="b">CL</subfield>
    <subfield code="c">RES</subfield>
    <subfield code="d">2012-10-25</subfield>
    <subfield code="g">3085.00</subfield>
    <subfield code="l">1</subfield>
    <subfield code="o">GV 464.5 .C35 2012</subfield>
    <subfield code="p">C15945</subfield>
    <subfield code="r">2018-05-15 00:00:00</subfield>
    <subfield code="s">2016-01-14</subfield>
    <subfield code="t">1</subfield>
    <subfield code="w">2013-10-10</subfield>
    <subfield code="y">BK</subfield>
  </datafield>
</record>
